| 000 | 00855nab a2200253 4500 | ||
|---|---|---|---|
| 003 | BR-BrBNA | ||
| 005 | 20250319100935.0 | ||
| 008 | 250319b bl.||||| |||| 00| 0 por d | ||
| 040 |
_aBR-BrBNA _bpor |
||
| 072 |
_aF08 ; K10 ; L01 ; E21 ; E20 ; P01 _b3240 ; 5212 |
||
| 100 | _aAndrade, Lívia | ||
| 100 | _aFranco, Humberto | ||
| 245 |
_aTem boi no eucalipto _bAgronegócios |
||
| 500 | _a4 illus. | ||
| 650 | _aEUCALIPTO | ||
| 650 | _aPRODUÇÃO FLORESTAL | ||
| 650 | _aSISTEMA AGROSSILVOPASTORIL | ||
| 650 | _aAGROINDÚSTRIA | ||
| 650 | _aFAZENDA | ||
| 650 | _aDESENVOLVIMENTO SUSTENTÁVEL | ||
| 773 | 0 |
_01706 _9346298 _dSão Paulo-SP Editora Três Ltda - E-mail: luizfsa@revistadinheiro.com.br 2004 _o2024-6952 _tDinheiro Rural (Brazil) _x1807-3700 _gv. 3(16) p. 50-52; (Feb 2006) _wBR2025000153 |
|
| 942 | _cANA | ||
| 999 |
_c330513 _d330513 |
||